Unsolved problems with PFI (Record no. 118387)

MARC details
000 -LEADER
fixed length control field 01150cam a2200229 4500
001 - CONTROL NUMBER
control field WB@3612-334
008 - FIXED-LENGTH DATA ELEMENTS--GENERAL INFORMATION
fixed length control field 041202n2004 000 0 eng u
035 ## - SYSTEM CONTROL NUMBER
System control number (Sirsi) u128170
245 ## - TITLE STATEMENT
Title Unsolved problems with PFI
260 ## - PUBLICATION, DISTRIBUTION, ETC.
Date of publication, distribution, etc. 2004
490 ## - SERIES STATEMENT
Series statement Law Society's Gazette
Volume/sequential designation 101(45) 25 November 2004, 6(1)
490 ## - SERIES STATEMENT
Series statement Bevan Brittan Press Release
Volume/sequential designation 17 November 2004 (2)
520 ## - SUMMARY, ETC.
Summary, etc. Law firm Bevan Brittan LLP has released a report especially commissioned from the Social Market Foundation. "The future of the private finance initiative" shows that PFI is a success but that work is urgently needed on the long-term management of PFI projects, especially those that will be ongoing over a 20 or 30 year term. The report recommends that a good knowledge transfer and mutual understanding of the parties' needs and trust is required. The report is available to download free from the website. http://www.bevanashford.co.uk/pressreleases/pr06.a sp
590 ## - LOCAL NOTE (RLIN)
Local note WB
590 ## - LOCAL NOTE (RLIN)
Local note WB
650 ## - SUBJECT ADDED ENTRY--TOPICAL TERM
Topical term or geographic name entry element PFI CONTRACTS
650 ## - SUBJECT ADDED ENTRY--TOPICAL TERM
Topical term or geographic name entry element MANAGEMENT
650 ## - SUBJECT ADDED ENTRY--TOPICAL TERM
Topical term or geographic name entry element PUBLIC PROCUREMENT
650 ## - SUBJECT ADDED ENTRY--TOPICAL TERM
Topical term or geographic name entry element COMPETITITION
690 ## - LOCAL SUBJECT ADDED ENTRY--TOPICAL TERM (OCLC, RLIN)
Topical term or geographic name as entry element FINANCE-PFI
942 ## - ADDED ENTRY ELEMENTS (KOHA)
Suppress in OPAC 0
Holdings
Withdrawn status Lost status Source of classification or shelving scheme Damaged status Not for loan Home library Current library Shelving location Date acquired Total Checkouts Full call number Barcode Date last seen Copy number Price effective from Koha item type
    Dewey Decimal Classification     London London News article 02/12/2004   WB4046-02 128170-1001 06/08/2019 1 06/08/2019 News article